Indian Economy: (Record no. 189337)
[ view plain ]
| 000 -LEADER | |
|---|---|
| fixed length control field | 00757nam a22002057a 4500 |
| 005 - DATE AND TIME OF LATEST TRANSACTION | |
| control field | 20220623170909.0 |
| 010 ## - LCCN (DPL NO) | |
| LC control number | ENG-133363 |
| 020 ## - INTERNATIONAL STANDARD BOOK NUMBER | |
| International Standard Book Number | 9789390168361 |
| Terms of availability | 549.00 |
| 035 ## - SYSTEM CONTROL NUMBER | |
| System control number | EN-116895 |
| 037 ## - SOURCE OF ACQUISITION | |
| Source of stock number/acquisition | DBAD/PUB |
| 082 ## - DEWEY DECIMAL CLASSIFICATION NUMBER | |
| Classification number | 330.954 |
| 100 ## - MAIN ENTRY--PERSONAL NAME | |
| Personal name | Srirangam, Sriram |
| 245 ## - TITLE STATEMENT | |
| Title | Indian Economy: |
| Remainder of title | Principles, Policies and Progress/ |
| Statement of responsibility, etc | SriRam Srirangam, Manish Kumar and Rohit Deo jha |
| 260 ## - PUBLICATION, DISTRIBUTION, ETC. (IMPRINT) | |
| Place of publication, distribution, etc | Noida |
| Name of publisher, distributor, etc | Pearson India Education Services Pvt. Ltd |
| Date of publication, distribution, etc | 2021 |
| 270 ## - ADDRESS | |
| Address | 15th Floor, Tower-b, World Trade Tower, Plot No. 1, Block-C, Sector 16 |
| City | Noida |
| Postal code | 201301 |
| Electronic mail address | companysecretary.india@pearson.com |
| Fax number | 044-66540100 |
| 300 ## - PHYSICAL DESCRIPTION | |
| Extent | xix, vp. |
| Dimensions | 23cm(pbk) |
| 700 ## - ADDED ENTRY--PERSONAL NAME | |
| Personal name | Kumar, Manish |
| 700 ## - ADDED ENTRY--PERSONAL NAME | |
| Personal name | Jha, Rohit Deo |
| 942 ## - ADDED ENTRY ELEMENTS (KOHA) | |
| Source of classification or shelving scheme | Dewey Decimal Classification |
| Item type | English Books |
| Classification part | 330.954 |
| Call number suffix | SRI |
| Withdrawn status | Lost status | Not for loan | Collection code | Home library | Current library | Date acquired | Source of acquisition | Cost, normal purchase price | Full call number | Barcode | Copy number | Cost, replacement price | Koha item type |
|---|---|---|---|---|---|---|---|---|---|---|---|---|---|
| Non-fiction | Bawana | Bawana | 23/06/2022 | DBAD/PUB | 549.00 | 330.954 SRI | EN-116895 | 1 | 549.00 | English Books |
